| 000 | 00719nam a22002297a 4500 | ||
|---|---|---|---|
| 001 | 613 | ||
| 003 | UA-OsUOA | ||
| 005 | 20241118162511.0 | ||
| 007 | ta | ||
| 008 | 20050616b un ||||| |||| 00| 0 ukr d | ||
| 020 | _a966-7958-24-8 | ||
| 040 |
_aUA-OsUOA _bukr _cUA-OsUOA _dUA-OsUOA |
||
| 041 | _aukr | ||
| 080 | _a781.1 | ||
| 090 |
_a781.1 _bП78 |
||
| 245 |
_aПроблеми музичної освіти: Мистецтво молодих - 2001 _bзбірник праць _cза ред. Безгін І. Д. |
||
| 260 |
_aК. _bСПД Карвчук В. К. _c2003 |
||
| 300 | _a268 с. | ||
| 650 | 7 |
_a781 Теорія музики. Загальні питання _2UDC _917665 |
|
| 942 |
_cBK _2udc |
||
| 955 | _a1 | ||
| 999 |
_c286772 _d286772 |
||